Quantum theory and gravitation (Record no. 7065)

MARC details
000 -LEADER
fixed length control field 00766nam a2200205Ia 4500
003 - CONTROL NUMBER IDENTIFIER
control field IN-BaIIA
008 - FIXED-LENGTH DATA ELEMENTS--GENERAL INFORMATION
fixed length control field 211028s9999 xx 000 0 eng d
020 ## - INTERNATIONAL STANDARD BOOK NUMBER
International Standard Book Number 0-12-473260-7
040 ## - CATALOGING SOURCE
Transcribing agency IIA Library
080 ## - UNIVERSAL DECIMAL CLASSIFICATION NUMBER
Universal Decimal Classification number 530.145(082.1)
Item number QUA
111 ## - MAIN ENTRY--MEETING NAME
Meeting name or jurisdiction name as entry element Symposium on Quantum Theory and Gravitation
Location of meeting New Orleans
Date of meeting or treaty signing 1979 May 23-26
9 (RLIN) 12089
245 #0 - TITLE STATEMENT
Title Quantum theory and gravitation
Remainder of title proceedings of a Symposium on quantum theory and gravitation, held in New Orleans, US, 23-26 May 1979
Statement of responsibility, etc. edited by A. R. Marlow
260 ## - PUBLICATION, DISTRIBUTION, ETC.
Place of publication, distribution, etc. New York
Name of publisher, distributor, etc. Academic Press
Date of publication, distribution, etc. 1980
300 ## - PHYSICAL DESCRIPTION
Extent [various pagings.]
650 ## - SUBJECT ADDED ENTRY--TOPICAL TERM
Topical term or geographic name entry element Gravitation
650 ## - SUBJECT ADDED ENTRY--TOPICAL TERM
Topical term or geographic name entry element NASA thesaurus
650 ## - SUBJECT ADDED ENTRY--TOPICAL TERM
Topical term or geographic name entry element Quantum theory
700 ## - ADDED ENTRY--PERSONAL NAME
Personal name Marlow, A. R., ed.
9 (RLIN) 12090
942 ## - ADDED ENTRY ELEMENTS (KOHA)
Koha item type Books
Holdings
Withdrawn status Lost status Damaged status Not for loan Home library Current library Shelving location Date acquired Cost, normal purchase price Total Checkouts Full call number Barcode Date last seen Cost, replacement price Price effective from Koha item type Purchase Price
        IIA Library-Bangalore IIA Library-Bangalore General Stacks 10/05/1982 57.10   530.145(082.1)/ QUA 7845 05/11/2021 57.10 10/05/1982 Books Rs. 57.10

Powered by Koha